LEADER 02293cam0-22005651i-4500 001 990000126180403321 005 20170119110002.0 012 $aie,e e.ur i-n- loOr (3) 1758 (R)$2fei$5IT-NA0107: RARI C 37 035 $a000012618 035 $aFED01000012618 035 $a(Aleph)000012618FED01 035 $a000012618 100 $a20020821d1758----km-y0itay50------ba 101 2 $aita$alat 140 $aaf--cghleba------zz-bb------ 141 $aa--b-cc-$5IT-NA0107:-RARI-C-37------------------------------------------------------- 200 1 $aL'architettura di M. Vitruvio Pollione colla traduzione italiana e comento del marchese Berardo Galiani ... dedicata alla maestą di Carlo re delle Due Sicilie ... 210 $aIn Napoli$cnella Stamperia Simoniana$d1758 215 $a[8], XXXII, 462, [2] p., XXV c. di tav. doppie$cill. calcogr.$efol. 307 $aSegn:[pigreco]4 a-d4 A-3M4 307 $aAntip. calcogr. ideata da Galiani, disegnata e incisa da Francesco La Marra 307 $aVignetta calcogr. con allegoria dell'architettura sul front. 307 $aIniziali sil. decorate 307 $aTestatine incise decorate 307 $aA c. [pigreco]3r ritratto del dedicatario in clipeo 307 $aTavole calcogr. disegnate da Galiani e incise da Francesco Cepparuli 307 $aIll. silogr. incise da I. Lucchesini 307 $aCors. ; rom. 316 $5IT-NA0107: RARI C 37$a1 c. di guardia anteriore e una posteriore 500 10$aDe architectura$918291 610 0 $aVitruvio Pollione$aOpere 610 0 $aArchitettura 620 $aItalia.$dNapoli 676 $a720.1$zita 700 1$aVitruvius Pollio$f<1. saec. in.>$08237 702 1$aLa Marra,$bFrancesco$c<1710-1780> 702 1$aGaliani,$bBerardo$f<1724-1774>$c 702 1$aLucchesini,$bIgnazio$c$f 702 1$aCepparuli,$bFrancesco$c 719 00$aDi Simone$4610 801 0$aIT$bUNINA$gRICA$2UNIMARC 856 4 $zInternet Archive$uhttps://archive.org/details/bub_gb_rXmeZGzPuyYC$e2016/06/06 901 $aAQ 912 $a990000126180403321 952 $a13 AR 8 C 16$b2721$fFINBC 952 $aRARI C 37$b4745$fFARBC 959 $aFINBC 959 $aFARBC 996 $aDe architectura$918291 997 $aUNINA LEADER 00890nam0-2200325 --450 001 9910256256103321 005 20180215134400.0 010 $a978-88-06-22424-0 020 $aIT$b2016-1488 100 $a20180215d2015----kmuy0itay5050 ba 101 1 $aita$ceng 102 $aIT 105 $a y 105 $a 001yy 200 1 $aCrimea$el'ultima crociata$fOrlando Figes 210 $aTorino$cEinaudi$d2015 215 $aXVII, 531 p.$cill.$d22 cm 225 1 $a<>biblioteca$v14 300 $aTraduzione di Luigi Giacone 610 0 $aGuerra di Crimea <1853-1856> 676 $a947.0738$v23$zita 700 1$aFiges,$bOrlando$0140593 702 1$aGiacone,$bLuigi 801 0$aIT$bUNINA$gREICAT$2UNIMARC 901 $aBK 912 $a9910256256103321 952 $aXIV B 2636$b1735/2017$fFSPBC 959 $aFSPBC 996 $aCrimea$9254344 997 $aUNINA